2025 Italian Football League Teams - Statistics

General Stats
  • This quiz has been taken 293 times
  • The average score is 27 of 40
Answer Stats
Hint Answer % Correct
Serie A AC Milan
99%
Serie A Inter Milan
98%
Serie A Juventus FC
98%
Serie A AS Roma
96%
Serie A SSC Napoli
94%
Serie A Atalanta BC
93%
Serie A SS Lazio
93%
Serie A ACF Fiorentina
91%
Serie A Bologna FC
90%
Serie A Torino FC
87%
Serie A Udinese Calcio
86%
Serie A Parma Calcio
85%
Serie A Venezia FC
85%
Serie A Hellas Verona
84%
Serie A Genoa CFC
83%
Serie A Como
79%
Serie B Palermo FC
79%
Serie A US Lecce
77%
Serie A AC Monza
76%
Serie A Cagliari Calcio
76%
Serie B UC Sampdoria
75%
Serie B SSC Bari
73%
Serie A FC Empoli
72%
Serie B US Sassuolo
71%
Serie B US Salernitana
63%
Serie B Brescia Calcio
62%
Serie B Pisa Sporting Club
59%
Serie B Frosinone Calcio
56%
Serie B Spezia Calcio
50%
Serie B US Cremonese
48%
Serie B FC Südtirol
40%
Serie B Modena FC
40%
Serie B US Catanzaro
40%
Serie B AC Reggiana
39%
Serie B Cesena FC
39%
Serie B AS Cittadella
35%
Serie B SS Juve Stabia
33%
Serie B Cosenza Calcio
32%
Serie B Mantova
31%
Serie B Carrarese Calcio
29%
No matching quizzes found
Score Distribution
Percent of People with Each Score
Percentile by Number Answered
Your Score History
You have not taken this quiz